Bolond Helga hazaérkezik Bal József rendezésében mutatják be Darvasi László darabját a kisszínházban /

Elmentve itt :
Bibliográfiai részletek
Szerzők: Hollósi Zsolt
Darvasi László
Dokumentumtípus: Cikk
Megjelent: 2007-09-17
Sorozat:Délmagyarország 97 No. 217
Kulcsszavak:Darvasi László, Bal József, Szeged, Színház bemutató Szeged, Bolond Helga (színházi ea.), Szegedi Nemzeti Színház
Online Access:http://dmarchiv.bibl.u-szeged.hu/138884
LEADER 00682nab a2200169 i 4500
001 delm138884
005 20191218140339.0
008 191218s2007 hu o 0|| hun d
040 |a SZTE Délmagyarország Archívum  |b hun 
041 |a hun 
100 1 |a Hollósi Zsolt 
245 1 0 |a Bolond Helga hazaérkezik   |h [elektronikus dokumentum] :  |b Bal József rendezésében mutatják be Darvasi László darabját a kisszínházban /  |c  Hollósi Zsolt 
260 |c 2007-09-17 
300 |a 6 
490 0 |a Délmagyarország  |v 97 No. 217 
695 |a Darvasi László, Bal József, Szeged, Színház bemutató Szeged, Bolond Helga (színházi ea.), Szegedi Nemzeti Színház 
700 0 1 |a Darvasi László  |e aut